Statistiche per Riconosci la Provincia - Quiz n°100

Clicka qui per fare il quiz!

Statistiche generali

  • Questo quiz è stato fatto 3 volte
  • Il punteggio medio è 5 su 8

Statistiche sulle risposte

IndizioRisposta% Corretto
Prefisso / Prefissi070, 0781, 0782, 0783
100%
PresidenteMario Mossa (amministratore straordinario)
100%
Popolazione333 621 ab.
67%
Coordinate
del capoluogo
39°09′N 8°31′E
67%
Superficie6 530 km²
67%
Numero comuni107
33%
Numero province confinanti3
33%
ProvinciaSud Sardegna
33%

Distribuzione punteggi

Percentile per numero di risposta

Percentuale di utenti per punteggio

I tuoi punteggi nel tempo

Non hai fatto questo quiz